LEADER 00884nam0-2200301---450- 001 990009162680403321 005 20100318161608.0 035 $a000916268 035 $aFED01000916268 035 $a(Aleph)000916268FED01 035 $a000916268 100 $a20100318d1977----km-y0itay50------ba 101 0 $aita 102 $aIT 105 $aa-------001yy 200 1 $a<>inseminazione artificiale umana$fVincenzo Traina$gPresentazione del Prof. Giorgio Cagnazzo 210 $aTorino$cEdizioni Minerva Medica$d1977 215 $a414 p.$cill.$d25 cm 610 0 $aFecondazione artificiale 700 1$aTraina,$bVincenzo$0507190 702 1$aCagnazzo,$bGiorgio 801 0$aIT$bUNINA$gRICA$2UNIMARC 901 $aBK 912 $a990009162680403321 952 $aAUen 2H 17$b14165$fDBEC 959 $aDBEC 996 $aInseminazione artificiale umana$9778440 997 $aUNINA